España (Registro nro. 15635)

Detalles MARC
000 -LEADER
campo de control de longitud fija 00747nam a2200265 i 4500
001 - NÚMERO DE CONTROL
campo de control 15635
003 - IDENTIFICADOR DE NÚMERO DE CONTROL
campo de control ES-MaACL
005 - FECHA Y HORA DE LA ÚLTIMA TRANSACCIÓN
campo de control 20250729063150.0
007 - CAMPO FIJO DE DESCRIPCIÓN FÍSICA--INFORMACIÓN GENERAL
campo de control de longitud fija t|
008 - DATOS DE LONGITUD FIJA--INFORMACIÓN GENERAL
campo de control de longitud fija 000407s2000 sp ||||1| spa d
020 ## - NÚMERO INTERNACIONAL ESTÁNDAR DEL LIBRO
Número Internacional Estándar del Libro 84-7880-834-5
080 ## - NÚMERO DE LA CLASIFICACIÓN DECIMAL UNIVERSAL
Número de la Clasificación Decimal Universal 323.17(460)
080 ## - NÚMERO DE LA CLASIFICACIÓN DECIMAL UNIVERSAL
Número de la Clasificación Decimal Universal 946.0
100 1# - ENTRADA PRINCIPAL--NOMBRE DE PERSONA
Nombre de persona Fusi, Juan Pablo,
Fechas asociadas al nombre 1945-
9 (RLIN) 53068
245 10 - MENCIÓN DEL TÍTULO
Título España
Resto del título : la evolución de la identidad nacional /
Mención de responsabilidad, etc. Juan Pablo Fusi.
250 ## - MENCION DE EDICION
Mención de edición 2ª ed.
260 ## - PUBLICACIÓN, DISTRIBUCIÓN, ETC.
Lugar de publicación, distribución, etc. Madrid :
Nombre del editor, distribuidor, etc. Temas de Hoy,
Fecha de publicación, distribución, etc. 2000.
300 ## - DESCRIPCIÓN FÍSICA
Extensión 309 p. ;
Dimensiones 24 cm.
490 1# - MENCIÓN DE SERIE
Mención de serie Historia
650 14 - PUNTO DE ACCESO ADICIONAL DE MATERIA--TÉRMINO DE MATERIA
Término de materia o nombre geográfico como elemento de entrada Nacionalismo-
Subdivisión geográfica España.
9 (RLIN) 15447
651 #4 - PUNTO DE ACCESO ADICIONAL DE MATERIA--NOMBRE GEOGRÁFICO
Nombre geográfico España-
Subdivisión general Historia.
9 (RLIN) 8209
830 0# - PUNTO DE ACCESO ADICIONAL DE SERIE-TÍTULO UNIFORME
Título uniforme Historia
9 (RLIN) 177536
852 ## - LOCALIZACIÓN
Ubicación ES-MaACL
Número de control de estantería L-22679
Sublocalización o colección R.128116
Existencias
Estatus retirado Estado de pérdida Estado de daño No para préstamo Biblioteca de origen Biblioteca actual Ubicación en estantería Fecha de adquisición Fuente de adquisición Total de préstamos Signatura topográfica completa Código de barras Visto por última vez Precio de reemplazo Tipo de ítem Koha
        Biblioteca del Ateneo de Madrid Biblioteca del Ateneo de Madrid Depósito 2 17/01/2008     L-22679 1015894 23/02/2023 23/02/2023 Libro impreso